Elhunyt dr. Kalocsai Géza

Elmentve itt :
Bibliográfiai részletek
Szerző: Imre Péter
Dokumentumtípus: Cikk
Megjelent: 2007-03-02
Sorozat:Délmagyarország 97 No. 52
Kulcsszavak:Kalocsai Géza 1914-2007, Szeged, Nekrológ, Sport labdarúgás
Online Access:http://dmarchiv.bibl.u-szeged.hu/137777
LEADER 00490nab a2200157 i 4500
001 delm137777
005 20200109104856.0
008 200109s2007 hu o 0|| hun d
040 |a SZTE Délmagyarország Archívum  |b hun 
041 |a hun 
100 1 |a Imre Péter 
245 1 0 |a Elhunyt dr. Kalocsai Géza  |h [elektronikus dokumentum] /  |c  Imre Péter 
260 |c 2007-03-02 
300 |a 17 
490 0 |a Délmagyarország  |v 97 No. 52 
695 |a Kalocsai Géza 1914-2007, Szeged, Nekrológ, Sport labdarúgás